Wave propagation in structures : an FFT-based spectal analysis methodology

Salvato in:
Dettagli Bibliografici
Autore principale: Doyle, James F. (Autore)
Natura: Libro
Lingua:inglese
Pubblicazione: Berlin : Springer Verlag, 1989
Tags: Aggiungi Tag
Nessun Tag, puoi essere il primo ad aggiungerne!!

MARC

LEADER 00000nam a22000003a 4500
001 stu28301
005 20150617225740.9
008 950306s1989----bg------------------eng-d
040 |a STU  |b slo 
041 0 |a eng 
044 |a bg 
080 |a 693 
100 1 |a Doyle, James F.  |4 aut 
245 1 |a Wave propagation in structures : an FFT-based spectal analysis methodology 
260 |a Berlin :  |b Springer Verlag,  |c 1989 
300 |a 258 s 
996 |b 284V024039  |c V*38632/O-16220  |l VVT  |s A  |a 24  |w stu28301_0001